000 01016cam a22002655a 4500
001 17832566
005 20180510155001.0
008 130731t2013 gw a frb 001 0 eng d
020 _a9783642407215
040 _aDLC
_beng
_cDLC
_dEG-ScBUE
082 0 4 _222
_a006.35
_bLAN
245 0 0 _aLanguage processing and knowledge in the web :
_b25th International Conference, GSCL 2013, Darmstadt, Germany, September 25-27, 2013. Proceedings /
_c[edited by] Iryna Gurevych, Chris Biemann, Torsten Zesch.
260 _aBerlin :
_bSpringer,
_cc.2013.
300 _ax, 212 p. :
_bill. ;
_c24 cm.
490 0 _aLecture notes in artificial intelligence ;
_v8105
504 _aIncludes bibliographical references and index.
650 7 _2BUEsh
_94460
_aNatural language processing (Computer science)
650 7 _940950
_aSemantic Web.
_2BUEsh
651 _2BUEsh
653 _bCOMSCI
_cMay2018
700 _aZesch, Torsten,
_eeditor.
700 _aBiemann, Chris.
_eeditor.
700 _aZesch, Torsten,
_eeditor.
942 _2ddc
999 _c26696
_d26668